<?xml version="1.0" encoding="UTF-8"?>
<record
    xmlns:xsi="http://www.w3.org/2001/XMLSchema-instance"
    xsi:schemaLocation="http://www.loc.gov/MARC21/slim http://www.loc.gov/standards/marcxml/schema/MARC21slim.xsd"
    xmlns="http://www.loc.gov/MARC21/slim">

  <leader>00384nam a22001577a 4500</leader>
  <controlfield tag="003">OSt</controlfield>
  <controlfield tag="005">20220111152617.0</controlfield>
  <controlfield tag="008">220111b        |||||||| |||| 00| 0 eng d</controlfield>
  <datafield tag="020" ind1=" " ind2=" ">
    <subfield code="a">9789389441003</subfield>
  </datafield>
  <datafield tag="040" ind1=" " ind2=" ">
    <subfield code="a">HU</subfield>
    <subfield code="c">DDC</subfield>
  </datafield>
  <datafield tag="082" ind1=" " ind2=" ">
    <subfield code="a">428.007/WIL</subfield>
  </datafield>
  <datafield tag="245" ind1=" " ind2=" ">
    <subfield code="a">COMMUNICATIVE ENGLISH SKILL-I</subfield>
  </datafield>
  <datafield tag="260" ind1=" " ind2=" ">
    <subfield code="a">ENGLAND</subfield>
    <subfield code="b">ARTZ BOOKS</subfield>
    <subfield code="c">2020</subfield>
  </datafield>
  <datafield tag="300" ind1=" " ind2=" ">
    <subfield code="a">VIII,238P,20CM</subfield>
  </datafield>
  <datafield tag="942" ind1=" " ind2=" ">
    <subfield code="2">ddc</subfield>
    <subfield code="c">BOOKS</subfield>
    <subfield code="n">0</subfield>
  </datafield>
  <datafield tag="999" ind1=" " ind2=" ">
    <subfield code="c">26604</subfield>
    <subfield code="d">26604</subfield>
  </datafield>
  <datafield tag="952" ind1=" " ind2=" ">
    <subfield code="0">0</subfield>
    <subfield code="1">0</subfield>
    <subfield code="2">ddc</subfield>
    <subfield code="4">0</subfield>
    <subfield code="7">0</subfield>
    <subfield code="a">007</subfield>
    <subfield code="b">007</subfield>
    <subfield code="c">GEN</subfield>
    <subfield code="d">2022-01-11</subfield>
    <subfield code="l">0</subfield>
    <subfield code="o">428.007/WIL</subfield>
    <subfield code="p">LGCLIB00006374</subfield>
    <subfield code="r">2022-01-11 00:00:00</subfield>
    <subfield code="t">C1</subfield>
    <subfield code="w">2022-01-11</subfield>
    <subfield code="y">BOOKS</subfield>
  </datafield>
  <datafield tag="952" ind1=" " ind2=" ">
    <subfield code="0">0</subfield>
    <subfield code="1">0</subfield>
    <subfield code="2">ddc</subfield>
    <subfield code="4">0</subfield>
    <subfield code="7">0</subfield>
    <subfield code="a">007</subfield>
    <subfield code="b">007</subfield>
    <subfield code="c">GEN</subfield>
    <subfield code="d">2022-01-11</subfield>
    <subfield code="l">0</subfield>
    <subfield code="o">428.007/WIL</subfield>
    <subfield code="p">LGCLIB00006375</subfield>
    <subfield code="r">2022-01-11 00:00:00</subfield>
    <subfield code="t">C2</subfield>
    <subfield code="w">2022-01-11</subfield>
    <subfield code="y">BOOKS</subfield>
  </datafield>
  <datafield tag="952" ind1=" " ind2=" ">
    <subfield code="0">0</subfield>
    <subfield code="1">0</subfield>
    <subfield code="2">ddc</subfield>
    <subfield code="4">0</subfield>
    <subfield code="7">0</subfield>
    <subfield code="a">007</subfield>
    <subfield code="b">007</subfield>
    <subfield code="c">GEN</subfield>
    <subfield code="d">2022-01-11</subfield>
    <subfield code="l">0</subfield>
    <subfield code="o">428.007/WIL</subfield>
    <subfield code="p">LGCLIB00006376</subfield>
    <subfield code="r">2022-01-11 00:00:00</subfield>
    <subfield code="t">C3</subfield>
    <subfield code="w">2022-01-11</subfield>
    <subfield code="y">BOOKS</subfield>
  </datafield>
  <datafield tag="952" ind1=" " ind2=" ">
    <subfield code="0">0</subfield>
    <subfield code="1">0</subfield>
    <subfield code="2">ddc</subfield>
    <subfield code="4">0</subfield>
    <subfield code="7">0</subfield>
    <subfield code="a">007</subfield>
    <subfield code="b">007</subfield>
    <subfield code="c">GEN</subfield>
    <subfield code="d">2022-01-11</subfield>
    <subfield code="l">0</subfield>
    <subfield code="o">428.007/WIL</subfield>
    <subfield code="p">LGCLIB00006377</subfield>
    <subfield code="r">2022-01-11 00:00:00</subfield>
    <subfield code="t">C4</subfield>
    <subfield code="w">2022-01-11</subfield>
    <subfield code="y">BOOKS</subfield>
  </datafield>
  <datafield tag="952" ind1=" " ind2=" ">
    <subfield code="0">0</subfield>
    <subfield code="1">0</subfield>
    <subfield code="2">ddc</subfield>
    <subfield code="4">0</subfield>
    <subfield code="7">0</subfield>
    <subfield code="a">007</subfield>
    <subfield code="b">007</subfield>
    <subfield code="c">NEW</subfield>
    <subfield code="d">2022-01-11</subfield>
    <subfield code="l">0</subfield>
    <subfield code="o">428.007/WIL</subfield>
    <subfield code="p">LGCLIB00006378</subfield>
    <subfield code="r">2022-01-11 00:00:00</subfield>
    <subfield code="t">C5</subfield>
    <subfield code="w">2022-01-11</subfield>
    <subfield code="y">BOOKS</subfield>
  </datafield>
  <datafield tag="952" ind1=" " ind2=" ">
    <subfield code="0">0</subfield>
    <subfield code="1">0</subfield>
    <subfield code="2">ddc</subfield>
    <subfield code="4">0</subfield>
    <subfield code="7">0</subfield>
    <subfield code="a">007</subfield>
    <subfield code="b">007</subfield>
    <subfield code="c">GEN</subfield>
    <subfield code="d">2022-01-11</subfield>
    <subfield code="l">0</subfield>
    <subfield code="o">428.007/WIL</subfield>
    <subfield code="p">LGCLIB00006379</subfield>
    <subfield code="r">2022-01-11 00:00:00</subfield>
    <subfield code="t">C6</subfield>
    <subfield code="w">2022-01-11</subfield>
    <subfield code="y">BOOKS</subfield>
  </datafield>
  <datafield tag="952" ind1=" " ind2=" ">
    <subfield code="0">0</subfield>
    <subfield code="1">0</subfield>
    <subfield code="2">ddc</subfield>
    <subfield code="4">0</subfield>
    <subfield code="7">0</subfield>
    <subfield code="a">007</subfield>
    <subfield code="b">007</subfield>
    <subfield code="c">GEN</subfield>
    <subfield code="d">2022-01-11</subfield>
    <subfield code="l">0</subfield>
    <subfield code="o">428.007/WIL</subfield>
    <subfield code="p">LGCLIB00006380</subfield>
    <subfield code="r">2022-01-11 00:00:00</subfield>
    <subfield code="t">C7</subfield>
    <subfield code="w">2022-01-11</subfield>
    <subfield code="y">BOOKS</subfield>
  </datafield>
  <datafield tag="952" ind1=" " ind2=" ">
    <subfield code="0">0</subfield>
    <subfield code="1">0</subfield>
    <subfield code="2">ddc</subfield>
    <subfield code="4">0</subfield>
    <subfield code="7">0</subfield>
    <subfield code="a">007</subfield>
    <subfield code="b">007</subfield>
    <subfield code="c">GEN</subfield>
    <subfield code="d">2022-01-11</subfield>
    <subfield code="l">0</subfield>
    <subfield code="o">428.007/WIL</subfield>
    <subfield code="p">LGCLIB00006381</subfield>
    <subfield code="r">2022-01-11 00:00:00</subfield>
    <subfield code="t">C8</subfield>
    <subfield code="w">2022-01-11</subfield>
    <subfield code="y">BOOKS</subfield>
  </datafield>
  <datafield tag="952" ind1=" " ind2=" ">
    <subfield code="0">0</subfield>
    <subfield code="1">0</subfield>
    <subfield code="2">ddc</subfield>
    <subfield code="4">0</subfield>
    <subfield code="7">0</subfield>
    <subfield code="a">007</subfield>
    <subfield code="b">007</subfield>
    <subfield code="c">GEN</subfield>
    <subfield code="d">2022-01-11</subfield>
    <subfield code="l">0</subfield>
    <subfield code="o">428.007/WIL</subfield>
    <subfield code="p">LGCLIB00006382</subfield>
    <subfield code="r">2022-01-11 00:00:00</subfield>
    <subfield code="t">C9</subfield>
    <subfield code="w">2022-01-11</subfield>
    <subfield code="y">BOOKS</subfield>
  </datafield>
</record>
